| 000 | 01621nam0a2200325 4500 | ||
|---|---|---|---|
| 001 | RU\NLR\bibl\1784358 | ||
| 005 | 20250616140110.0 | ||
| 010 |
_a978-5-9902700-1-5 _9500 |
||
| 021 |
_aRU _b2011-41296 _92928 |
||
| 035 | _a(NLR Aleph) 001775091 | ||
| 090 |
_a1662144 _c1662144 |
||
| 100 | _a20110701d2011 |||y0rusy50 ca | ||
| 101 | 0 | _arus | |
| 102 | _aRU | ||
| 105 | _aa ||||||||| | ||
| 200 | 1 |
_aИстория и методология науки (градостроительство) _eучебное пособие _eдля студентов высших учебных заведений, обучающихся по направлению "Строительство" - магистратура _fИ.С. Шукуров _gМ-во образования и науки Рос. Федерации, гос. образоват. учреждение высш. проф. образования Нац. исслед. моск. гос. строит. ун-т |
|
| 210 |
_aМосква _cЭдитус _d2011 |
||
| 215 |
_a123 с. _cил., карт. _d21 |
||
| 320 | _aБиблиогр.: с. 118-122 | ||
| 606 | 1 |
_aГорода _jУчебные издания для высших учебных заведений _xПланировка и строительство _xИстория _91471023 _3RU\NLR\auth\66315834 |
|
| 686 | _aЩ113(0)-48я73 | ||
| 686 | _aЩ118.2я73 | ||
| 700 | 1 |
_aШукуров _bИ. С. _gИлхомжон Садриевич _4070 |
|
| 801 | 0 |
_aRU _bNLR _c20110701 _gRCR |
|
| 801 | 1 |
_aRU _bNLR _c20110701 |
|
| 830 | _aавт. по кн. | ||
| 942 | _cBOOK | ||
| 980 | _aNB | ||
| 980 | _aNBR | ||